| 000 | 01557nam a2200373 i 4500 | ||
|---|---|---|---|
| 001 | 12793 | ||
| 003 | ES-MaACL | ||
| 005 | 20241023120056.0 | ||
| 007 | t| | ||
| 008 | 900405s1986 sp ||||0| spa j | ||
| 016 | 7 | _zSAB9000077813 | |
| 020 | _a84-00-06384-8 | ||
| 040 |
_aM-BN-DP _bspa _cM-BN-DP |
||
| 080 | _a929 Pizarro, Francisco | ||
| 080 | _a985"1522/48"(093) | ||
| 100 | 1 |
_aPizarro, Francisco. _992444 |
|
| 245 | 1 | 0 |
_aFrancisco Pizarro _b: testimonio : documentos oficiales, cartas y escritos varios / _cedición preparada por Guillermo Lohmann Villena ; introducción de Francisco Solano. |
| 260 |
_aMadrid : _bCentro de Estudios Históricos, Departamento de Historia de América "Fernández de Oviedo", _c1986. |
||
| 300 |
_aXXXI, 404 p., [4] h. de lám : _b29 cm. |
||
| 490 | 1 |
_aMonumenta Hispano-Indiana ; _v3 |
|
| 500 | _aPrecede al tít.: V Centenario del Descubrimiento de América. | ||
| 504 | _aIndice. | ||
| 600 | 1 | 4 |
_aPizarro, Francisco- _xCorrespondencia. _992446 |
| 651 |
_aPerú- _xHistoria- _yDescubrimiento y conquista, 1522-1548- _vFuentes. _99227 |
||
| 700 | 1 |
_aLohmann Villena, Guillermo. _973134 |
|
| 700 | 1 |
_aSolano, Francisco de. _9107078 |
|
| 710 | 2 |
_aCentro de Estudios Históricos (1985-1999) _92639 |
|
| 830 | 0 |
_aMonumenta Hispano-Indiana ; _v3 _9228333 |
|
| 852 |
_aES-MaACL _jL-19959 _bR.117118 _913114 _cDEPO2 _hDonación: José Prat |
||
| 903 |
_aPrat, José, _d1905-1994 _q1 _ednr _993665 |
||
| 942 |
_2udc _cMONOGRAFIA |
||
| 999 |
_c12793 _d12793 |
||